Southville International School and Colleges
Your cart is empty.
  • Cart
  • Lists
    Public lists Eva Luna New books Lux_list list_1
    Your lists Log in to create your own lists
  • Log in to your account
  • Your cookies
  • Search history
Southville International School and Colleges
  • Advanced search
  • Recent comments
  • Most popular
  • Libraries

Log in to your account

Log in with GOOGLE


If you do not have an external account, but do have a local account, you can still log in:

  1. Home
  2. MARC view: The adventures of tom sawyer /
Normal view MARC view ISBD view

The adventures of tom sawyer / (Record no. 297758)

[ view plain ]
MARC details
000 -LEADER
fixed length control field 00473nam a22001697a 4500
003 - CONTROL NUMBER IDENTIFIER
control field SISC
005 - DATE AND TIME OF LATEST TRANSACTION
control field 20170404095746.0
008 - FIXED-LENGTH DATA ELEMENTS--GENERAL INFORMATION
fixed length control field 160715b xxu||||| |||| 00| 0 eng d
020 ## - INTERNATIONAL STANDARD BOOK NUMBER
International Standard Book Number 9780439099400
050 ## - LIBRARY OF CONGRESS CALL NUMBER
Classification number PZ 7 .T969 2013
100 ## - MAIN ENTRY--PERSONAL NAME
Personal name Twain, Mark
245 ## - TITLE STATEMENT
Title The adventures of tom sawyer /
Statement of responsibility, etc Mark Twain.
260 ## - PUBLICATION, DISTRIBUTION, ETC. (IMPRINT)
Place of publication, distribution, etc New York :
Name of publisher, distributor, etc Scholastic,
Date of publication, distribution, etc c2013.
300 ## - PHYSICAL DESCRIPTION
Extent 319 p. :
Dimensions 18 cm.
650 ## - SUBJECT ADDED ENTRY--TOPICAL TERM
Topical term or geographic name as entry element Tom (Fictitious character)--Fiction.
942 ## - ADDED ENTRY ELEMENTS (KOHA)
Source of classification or shelving scheme Library of Congress Classification
Koha item type Books
Holdings
Withdrawn status Lost status Source of classification or shelving scheme Damaged status Home library Current library Shelving location Date acquired Source of acquisition Sub Shelving location Total Checkouts Full call number Barcode Date last seen Price effective from Koha item type
    Library of Congress Classification   Luxembourg Library Luxembourg Library Classic Section 07/15/2016 Library Fund     PZ 7 .T969 2013 20291 07/15/2016 07/15/2016 Books

The adventures of tom sawyer /

APA

Twain M., . (2013). The adventures of tom sawyer. New York: Scholastic.

Chicago

Twain Mark, . 2013. The adventures of tom sawyer. New York: Scholastic.

Harvard

Twain M., . (2013). The adventures of tom sawyer. New York: Scholastic.

MLA

Twain Mark, . The adventures of tom sawyer. New York: Scholastic. 2013.

  • Place hold
  • Print
  • Cite
  • Add to your cart (remove)
  • Save record
    BIBTEX Dublin Core MARCXML MARC (non-Unicode/MARC-8) MARC (Unicode/UTF-8) MARC (Unicode/UTF-8, Standard) MODS (XML) RIS
  • More searches
    Search for this title in:
    Other Libraries (WorldCat) Other Databases (Google Scholar) Online Stores (Bookfinder.com) Open Library (openlibrary.org)

Exporting to Dublin Core...

SOUTHVILLE LIBRARY

Southville International School and Colleges Library

1281 Tropical Ave. Cor. Luxembourg St., BF Homes International, Las Pinas City

Tel. No. 8256374 / 252358 Loc. 117/146

Powered by Koha